Elektronická komunikácia medzi daňovým subjektom a správcom dane od 1. januára 2014

Elektronickou komunikáciou sa rozumie doručovanie podaní správcovi dane elektronicky prostredníctvom elektronickej podateľne, ktorú prevádzkuje finančné riaditeľstvo na svoje webovej stránke. Otázky a odpovede k elektronickej komunikácii spustenej od 1.1. 2014.

Salvato in:
Dettagli Bibliografici
Autore principale: Jurčíková, Božena
Natura: Capitolo di libro
Lingua:slovacco
Soggetti:
Tags: Aggiungi Tag
Nessun Tag, puoi essere il primo ad aggiungerne!!

MARC

LEADER 00000naa a2200000 4500
001 0180142
005 20231208085903.3
041 0 |a slo 
044 |a SK 
245 1 0 |a Elektronická komunikácia medzi daňovým subjektom a správcom dane od 1. januára 2014  |c Božena Jurčíková 
520 |a Elektronickou komunikáciou sa rozumie doručovanie podaní správcovi dane elektronicky prostredníctvom elektronickej podateľne, ktorú prevádzkuje finančné riaditeľstvo na svoje webovej stránke. Otázky a odpovede k elektronickej komunikácii spustenej od 1.1. 2014. 
610 2 0 |a komunikácia elektronická 
610 2 0 |a daňovníci 
610 2 0 |a správa finančná 
610 2 0 |a Slovensko 
610 2 0 |a správa daňová 
100 1 |a Jurčíková, Božena